| 000 | 00617nam a2200241 a 4500 | ||
|---|---|---|---|
| 001 | nice12345678 | ||
| 003 | IN_TiNIC | ||
| 005 | 20260116014632.0 | ||
| 008 | 070319s2003 newa grp 000 0 eng | ||
| 020 |
_a8121510813 _c300 |
||
| 082 | 0 | 0 |
_a190 _bCHA1 |
| 100 | _aChatterjee, Amita | ||
| 245 | _aPerspectives on Consciousness | ||
| 260 |
_aNew Delhi _bMunshiram Manoharlal Publishers _c2003 |
||
| 300 | _a190p | ||
| 500 | _aincludes index and biblioraphy | ||
| 505 | 2 | _areferences, index | |
| 650 | _aPhilology | ||
| 700 | 1 | _aChatterjee, Amita | |
| 902 | _bSRS | ||
| 942 | _cBK | ||
| 999 |
_c16322 _d16322 |
||